Concept of economic status/ (Record no. 160564)

MARC details
000 -LEADER
fixed length control field 00623nam a22001937a 4500
005 - DATE AND TIME OF LATEST TRANSACTION
control field 20190213124905.0
010 ## - LCCN (DPL NO)
LC control number ENG-124735
020 ## - INTERNATIONAL STANDARD BOOK NUMBER
International Standard Book Number 9788186772935
035 ## - SYSTEM CONTROL NUMBER
System control number EN-108267
037 ## - SOURCE OF ACQUISITION
Source of stock number/acquisition DBAD/PUB
082 ## - DEWEY DECIMAL CLASSIFICATION NUMBER
Classification number 330.0727
100 ## - MAIN ENTRY--PERSONAL NAME
Personal name V.S. Singh
245 ## - TITLE STATEMENT
Title Concept of economic status/
Statement of responsibility, etc by V.S.Singh
260 ## - PUBLICATION, DISTRIBUTION, ETC. (IMPRINT)
Place of publication, distribution, etc New Delhi
Name of publisher, distributor, etc New Academic Publishers
Date of publication, distribution, etc 2016
270 ## - ADDRESS
Address 4760-61,23, Ansari Road, Daryaganj
City New Delhi
Postal code 110002
Telephone number 011-23282663, 011-22413394
Electronic mail address napindia@newacademicpublishers.com
300 ## - PHYSICAL DESCRIPTION
Extent 82p.
Dimensions 24cn(Hb)
500 ## - GENERAL NOTE
General note It includes Index
942 ## - ADDED ENTRY ELEMENTS (KOHA)
Source of classification or shelving scheme Dewey Decimal Classification
Item type English Books
Edition 1
Classification part 330.0727
Call number suffix SIN
Holdings
Withdrawn status Lost status Not for loan Collection code Home library Current library Date acquired Source of acquisition Cost, normal purchase price Full call number Barcode Copy number Cost, replacement price Koha item type
      Non-fiction Central Library Central Library 05/02/2019 DBAD/PUB 695.00 330.0727 SIN EN-108267 1 695.00 English Books
        Central Library Central Library 05/02/2019     330.0727 SIN       English Books

© Delhi Public Library
Hit Counter
free hit counter